| 000 | 01102nas a2200265 4500 | ||
|---|---|---|---|
| 001 | BR2011000244 | ||
| 003 | BR-BrBNA | ||
| 005 | 20231205115939.0 | ||
| 007 | ta | ||
| 008 | 230509b bl.|||p| |||| 00| 00por d | ||
| 040 |
_aBR-BrBNA _bpor _cBiblioteca Nacional de Agricultura |
||
| 041 | _a(En) | ||
| 072 | _aF40 | ||
| 100 | 1 | _aSchneider, P.H. | |
| 100 | 1 | _aSchmitt, J.L. | |
| 245 | 1 | _aComposition, community structure and vertical distribution of epiphytic ferns on Alsophila setosa Kaulf., in a semideciduous seasonal forest, Morro Reuter, RS, Brazil | |
| 246 | 1 | _aComposition, community structure and vertical distribution of epiphytic ferns on Alsophila setosa Kaulf., in a semideciduous seasonal forest, Morro Reuter, RS, Brazil | |
| 650 | _aSAMAMBAIA | ||
| 650 | _aFLORESTA TROPICAL | ||
| 650 | _aECOLOGIA VEGETAL | ||
| 773 | 0 |
_tActa Botanica Brasilica (Brazil) _xISSN 0102-3306 _g(Jul-Sep 2011), v. 25(3) p. 557-565 _wBR2011000244 |
|
| 856 | 4 |
_uhttp://www.scielo.br/pdf/abb/v25n3/07.pdf _yRecurso eletrônico (PDF) |
|
| 909 |
_a202311 _bLúcia _c55 _dLúcia Elande |
||
| 942 |
_2AGRIS _n0 _cANA |
||
| 999 |
_c216418 _d216418 |
||